000 01096nam a2200301 a 4500
001 BRCA_7330
005 20190320205809.0
008 240812s1988----mx-a######---#000-0#spa-#
020 _a968631900X
041 _aspa
044 _amx
050 4 _aGT3021.M4
_b.H57 1988
245 1 0 _aHistoria y cultura del tabaco en México
_cprólogo de Fernando Benítez ; María Concepción Amerlinck ... [et al.].
260 _aMéxico
_bTabacos Mexicanos ; Secretaría de Agricultura y Recursos Hidráulicos
_c1988
300 _a293 p.
_bil.
_c29 cm.
500 _aEjemplar engargolado
500 _aPor política no se presta a domicilio
504 _aBibliografía: p. 281-291
650 1 4 _aTabaco
_xHistoria
_zMéxico
_910622
650 1 4 _aIndígenas de México
_xConsumo de tabaco
_918124
650 1 4 _aIndustria de tabaco
_xHistoria
_zMéxico
_918125
651 4 _aMéxico
_xVida social y costumbres
_9769
700 1 _aBenítez, Fernando
_epról.
_912903
700 1 _aAmerlinck, María Concepción
_918126
710 2 _aTabacos Mexicanos, S.A. de C.V.
_918127
902 _aeng
942 _2lcc
_cB
999 _c7006
_d7006